Malcolm - Mort Subite - Statistiques

Statistiques générales
  • Ce quiz a été pris 148 fois
    40 depuis la dernière actualisation
  • Le résultat moyen est 8 sur 24
Answers on the Grid
Answers color-coded by a green-red scale on the quiz's grid according to % correct below.
Frankie Muniz
Jane Kaczmarek
Erik Per Sullivan
Justin Berfield
Bryan Cranston
Christopher Kennedy Masterson
Lukas Rodriguez
James Rodriguez
Craig Lamar Traylor
David Anthony Higgins
Gary Anthony Williams
Evan Matthew Cohen
Kyle Sullivan
Tania Raymonde
Jerry Trainor
Daniel von Bargen
Emy Coligado
Chris Eigeman
Reagan Dale Neis
Jennette McCurdy
Hayden Panettiere
Christina Ricci
Linwood Boomer
Eric Nenninger
Kathy McCulskey
Bertha Dempsie
Gretchen Mannkus
Patty Henderson
Julie Houlerman
Drew Horton
David Hanson
Caroline Miller
Flora Mayesh
Ken Finley
Edwin Spangler
Hal Wilkerson
 
Statistiques - réponses
Réponse % Correct
Frankie Muniz
75%
Bryan Cranston
68%
Erik Per Sullivan
64%
Jane Kaczmarek
57%
Justin Berfield
54%
Christopher Kennedy Masterson
43%
Linwood Boomer
43%
Craig Lamar Traylor
39%
Gary Anthony Williams
36%
James Rodriguez
36%
Lukas Rodriguez
36%
Tania Raymonde
36%
David Anthony Higgins
32%
Christina Ricci
29%
Jennette McCurdy
29%
Daniel von Bargen
25%
Evan Matthew Cohen
25%
Hayden Panettiere
25%
Jerry Trainor
25%
Chris Eigeman
21%
Reagan Dale Neis
18%
Emy Coligado
11%
Eric Nenninger
7%
Kyle Sullivan
7%
Aucun quiz correspondant
Distribution des résultats
% des personnes avec chaque résultat
Percentile par nombre de réponses
Votre historique - résultats
Vous n’avez pas pris ce quiz depuis la dernière actualisation